La maitresse invisible / (Record no. 162878)

MARC details
000 -LEADER
campo de control de longitud fija 00582nam a22001815i 4500
001 - NÚMERO DE CONTROL
campo de control 162878
003 - IDENTIFICADOR DE NÚMERO DE CONTROL
campo de control ES-MaACL
005 - FECHA Y HORA DE LA ÚLTIMA TRANSACCIÓN
campo de control 20230906212624.0
008 - DATOS DE LONGITUD FIJA--INFORMACIÓN GENERAL
campo de control de longitud fija 050706s1882 fr |||| | fre d
040 ## - FUENTE DE CATALOGACIÓN
Centro catalogador/agencia de origen CAM
Lengua de catalogación spa
Centro/agencia transcriptor CAM
100 1# - ENTRADA PRINCIPAL--NOMBRE DE PERSONA
Nombre de persona Racot, Adolphe.
9 (RLIN) 131555
245 13 - MENCIÓN DEL TÍTULO
Título La maitresse invisible /
Mención de responsabilidad, etc. par Adolphe Racot.
260 ## - PUBLICACIÓN, DISTRIBUCIÓN, ETC.
Lugar de publicación, distribución, etc. Paris :
Nombre del editor, distribuidor, etc. E. Dentu,
Fecha de publicación, distribución, etc. 1882 (
Lugar de fabricación/manufactura Chatillon-sur-Seine :
Fabricante Imprimerie générale)
300 ## - DESCRIPCIÓN FÍSICA
Extensión 316 p. ;
Dimensiones 18 cm.
752 ## - ENTRADA AGREGADA--NOMBRE JERÁRQUICO DEL LUGAR
País o entidad superior Francia -
Ciudad París
752 ## - ENTRADA AGREGADA--NOMBRE JERÁRQUICO DEL LUGAR
País o entidad superior Francia -
Ciudad Chatillon-sur-Seine
852 ## - LOCALIZACIÓN
Ubicación ES-MaACL
Número de control de estantería G-8031
Nota libre -- Enc. pasta española
Holdings
Estatus retirado Estado de pérdida Estado de daño No para préstamo Colección Biblioteca de origen Biblioteca actual Ubicación en estantería Fecha de adquisición Fuente de adquisición Total de préstamos Signatura topográfica completa Código de barras Visto por última vez Precio de reemplazo Tipo de ítem Koha
        Libros del s. XIX Biblioteca del Ateneo de Madrid Biblioteca del Ateneo de Madrid Sala Pecera Planta 3 17/01/2008     G-8031 1170658 23/02/2023 23/02/2023 Libro impreso antiguo